00270pam a2200109 a 4500020000500000041000500005082002800010100001600038245006300054260003200117300001100149 c h a658.29999999999995bGAZ aGazda, G.M. aGroup Counseling A Development ApproachhTextual Documents aBostonbAllyn And Bacon Inc a392/CB